=LDR 00000nam 2200000 4500 =001 INLIS000000000015991 =990 ##$$a 59.941/pro93 =990 ##$$a 59.941/pro93 =990 ##$$a 59.941/pro93 =005 20201106092511 =990 ##$$a 114.312/pro97 =990 ##$$a 114.312/pro97 =990 ##$$a 114.312/pro97 =035 ##$$a 0010-061300000015991 =990 ##$$a 00085591 =990 ##$$a 00085591 =990 ##$$a 00085591 =008 201106################g##########0#ind## =041 ##$$a Ind =082 ##$$a 320.5P =090 ##$$a 320.5P, Sur P =100 1#$$a Suryohadiprojo, Sayidiman =245 1#$$a Pancasila, Islam dan ABRI, Buah renungan seorang prajurit. /$c Sayidiman Suryohadiprojo =260 ##$$a Jakarta :$b Pustaka sinar harapan,$c 1992 =300 ##$$a 240 hlm., ; $c 14 x 21 cm =650 #4$$a Pancasila =650 #4$$a Islam dan politik - Indonesia =650 #4$$a Indonesia Angkatan Bersenjata =850 ##$$a NBPNMAT =020 ##$$a 979-416-154-3 =084 ##$$a 320.5P SUR p =250 ##$$a cet.1 =990 ##$$a 59.941/pro93 =990 ##$$a 114.312/pro97 =990 ##$$a 00085591 =990 ##$$a 59.941/pro93 =990 ##$$a 114.312/pro97 =990 ##$$a 00085591 =990 ##$$a 10901090 =990 ##$$a 00036486 =990 ##$$a 59.941/pro93 =990 ##$$a 114.312/pro97 =990 ##$$a 00085591 =990 ##$$a 59.941/pro93 =990 ##$$a 59.941/pro93 =990 ##$$a 114.312/pro97 =990 ##$$a 00085591 =990 ##$$a 59.941/pro93 =990 ##$$a 114.312/pro97 =990 ##$$a 00085591 =990 ##$$a 59.941/pro93 =990 ##$$a 59.941/pro93 =990 ##$$a 114.312/pro97 =990 ##$$a 00085591 =990 ##$$a 59.941/pro93 =990 ##$$a 000000000 =990 ##$$a 114.312/pro97 =990 ##$$a 00085591 =990 ##$$a 59.941/pro93